000 00871nas a2200229 4500
001 BR7701034
003 BR-BrBNA
005 20231205083107.0
007 ta
008 230509b bl.|||p| |||| 00| 00por d
040 _aBR-BrBNA
_bpor
_cBiblioteca Nacional de Agricultura
041 _a(En)
072 _aM20
100 1 _aDamuth, J.E.
111 1 _aSimposio Internacional sobre as Margens Continentais de Tipo Atlantico
_cSao Paulo, SP (Brazil)
_d3 Oct 1975
245 1 _aSedimentation on the North Brazilian continental margin [sedimentacao, Norte, Margem continental]
_bGeodynamics project, scientific report no. 19
650 _aOCEANOGRAFIA
650 _aSEDIMENTACAO
773 0 _tAnais da Academia Brasileira de Ciencias (Brazil)
_xISSN 0001-3765
_g(1976), v. 48(Suppl.) p. 43-50
_wBR7701034
909 _a202311
_bLúcia
_c55
_dLúcia Elande
942 _2AGRIS
_n0
_cANA
999 _c96352
_d96352